U.S. State Capitals by Satellite Image - Statistics

General Stats
  • This quiz has been taken 46 times
  • The average score is 30 of 50
Answer Stats
Picture Answer % Correct
Boston
89%
Honolulu
89%
Juneau
89%
Phoenix
89%
Salt Lake City
89%
Santa Fe
89%
Carson City
84%
Denver
84%
Providence
84%
Cheyenne
79%
Madison
79%
Annapolis
74%
Baton Rouge
74%
Boise
74%
Olympia
74%
Sacramento
74%
Helena
68%
Atlanta
63%
Bismarck
63%
Charleston
63%
Pierre
63%
Saint Paul
63%
Augusta
58%
Austin
58%
Harrisburg
58%
Indianapolis
58%
Salem
58%
Albany
53%
Columbus
53%
Concord
53%
Lincoln
53%
Montpelier
53%
Jackson
47%
Richmond
47%
Trenton
47%
Dover
42%
Frankfort
42%
Jefferson City
42%
Little Rock
42%
Montgomery
42%
Nashville
42%
Oklahoma City
42%
Raleigh
42%
Springfield
42%
Topeka
42%
Des Moines
37%
Hartford
37%
Lansing
37%
Columbia
32%
Tallahassee
32%
No matching quizzes found
Score Distribution
Percent of People with Each Score
Percentile by Number Answered
Your Score History
You have not taken this quiz